000 00542nam a2200181 u 4500
001 000628691
003 AM-YeHGA
005 20250617140347.0
008 090203s1962 ||| r 000 0 rus d
040 _aAM-YeHGA
041 0 _arus
100 1 _aПанкратов, Юрий Иванович
245 1 0 _aМесяц :
_bПервая книга стихов /
_cЮрий Панкратов.
260 _aМосква :
_bМол. гвардия,
_c1962.
300 _a135 с.
653 0 _aРусская поэзия
090 _c219964
999 _c218436
_d218436